Finančné rozhodovanie pri investovaní
Ohodnotenie investičných projektov. V praxi sa pri ňom presadili najmä dynamické metódy - čistá súčasná hodnota, vnútorné výnosové percento, doba návratnosti a index ziskovosti. Výpočty. Modely ohodnocovania reálnych opcií - binomický model, spojitý model, Monte Carlo - simulácie. Ohodnotenie podnik...
Salvato in:
| Autore principale: | |
|---|---|
| Natura: | Capitolo di libro |
| Lingua: | slovacco |
| Soggetti: | |
| Tags: |
Nessun Tag, puoi essere il primo ad aggiungerne!!
|
MARC
| LEADER | 00000naa$a2200000$$$4500 | ||
|---|---|---|---|
| 001 | 0210167 | ||
| 005 | 20240502073510.7 | ||
| 041 | 0 | |a slo | |
| 044 | |a SK | ||
| 245 | 1 | 0 | |a Finančné rozhodovanie pri investovaní |c Anna Harumová |
| 520 | |a Ohodnotenie investičných projektov. V praxi sa pri ňom presadili najmä dynamické metódy - čistá súčasná hodnota, vnútorné výnosové percento, doba návratnosti a index ziskovosti. Výpočty. Modely ohodnocovania reálnych opcií - binomický model, spojitý model, Monte Carlo - simulácie. Ohodnotenie podniku ako opcie. | ||
| 610 | 2 | 0 | |a projekty investičné |
| 610 | 2 | 0 | |a ohodnocovanie |
| 610 | 2 | 0 | |a opcie |
| 610 | 2 | 0 | |a opcie reálne |
| 610 | 2 | 0 | |a modely |
| 610 | 2 | 0 | |a rozhodovanie investičné |
| 100 | 1 | |a Harumová, Anna, 1955- | |